Statistics for Oceanian Geography By Letter L - Picture Quiz

Click here to take the quiz!

General Stats

  • This quiz has been taken 21 times
  • The average score is 2 of 9

Answer Stats

Answer% Correct
The {Land} {Down} {Under}
88%
Lae
29%
{Line} Islands
18%
Luganville
6%
{Lord} {Howe} Island
6%
{Louisiade} archipelago
6%
Lunai
0%
Lachlan
0%
Larrakia
0%

Score Distribution

Percentile by Number Answered

Percent of People with Each Score

Your Score History

You have not taken this quiz